Statistieken voor Dorpen van Belgisch Limburg

Klik hier om de quiz te nemen!

Algemene statistieken

  • Deze quiz is 87 keer genomen
  • De gemiddelde score is 56 van 205

Antwoorden op de kaart

Antwoorden kleurgecodeerd door een groen-rode schaal op de quizkaart volgens % correct hieronder.
 

Antwoordstatistieken

GemeenteDorp% Correct
BreeBree
85%
HasseltHasselt
85%
Sint-TruidenSint-Truiden
75%
AlkenAlken
70%
BilzenBilzen
70%
GenkGenk
70%
TongerenTongeren
70%
BeringenBeringen
65%
LommelLommel
65%
AsAs
60%
DiepenbeekDiepenbeek
60%
Herk-de-StadHerk-de-Stad
60%
LeopoldsburgLeopoldsburg
60%
MaaseikMaaseik
60%
OudsbergenMeeuwen
60%
PeltNeerpelt
60%
TessenderloTessenderlo
60%
WellenWellen
60%
Houthalen-HelchterenHouthalen
55%
PeltOverpelt
55%
BorgloonBorgloon
50%
Dilsen-StokkemDilsen
50%
OudsbergenGruitrode
50%
KinrooiKinrooi
50%
NieuwerkerkenNieuwerkerken
50%
PeerPeer
50%
RiemstRiemst
50%
Dilsen-StokkemStokkem
50%
ZutendaalZutendaal
50%
MaasmechelenEisden
45%
HalenHalen
45%
Hechtel-EkselHechtel
45%
Houthalen-HelchterenHelchteren
45%
HoeseltHoeselt
45%
KortessemKortessem
45%
HasseltKuringen
45%
HamOostham
45%
OudsbergenOpglabbeek
45%
Heusden-ZolderZolder
45%
Hamont-AchelAchel
40%
BocholtBocholt
40%
Hechtel-EkselEksel
40%
Hamont-AchelHamont
40%
HeersHeers
40%
Heusden-ZolderHeusden
40%
HasseltKermt
40%
HamKwaadmechelen
40%
LanakenLanaken
40%
LummenLummen
40%
VoerenSint-Martens-Voeren
40%
BorgloonHoepertingen
35%
TongerenMal
35%
LanakenRekem
35%
HasseltSint-Lambrechts-Herk
35%
ZonhovenZonhoven
35%
TongerenBerg
30%
TongerenDiets-Heur
30%
GingelomGingelom
30%
BilzenGrote-Spouwen
30%
HerstappeHerstappe
30%
BorgloonKerniel
30%
BorgloonKuttekoven
30%
TongerenLauw
30%
MaasmechelenMechelen-aan-de-Maas
30%
MaaseikNeeroeteren
30%
TongerenNerem
30%
MaaseikOpoeteren
30%
TongerenOverrepen
30%
BeringenPaal
30%
TongerenPiringen
30%
HasseltStevoort
30%
RiemstVlijtingen
30%
PeerWijchmaal
30%
Sint-TruidenAalst
25%
BeringenBeverlo
25%
BorgloonBommershoven
25%
RiemstGenoelselderen
25%
BorgloonGors-Opleeuw
25%
PeerGrote-Brogel
25%
HeersHeks
25%
TongerenHenis
25%
LeopoldsburgHeppen
25%
BorgloonJesseren
25%
BocholtKaulille
25%
PeerKleine-Brogel
25%
BilzenKleine-Spouwen
25%
BeringenKoersel
25%
TongerenKoninksem
25%
RiemstMillen
25%
VoerenMoelingen
25%
OudsbergenNeerglabbeek
25%
TongerenNeerrepen
25%
HeersOpheers
25%
KinrooiOphoven
25%
BreeOpitter
25%
BorgloonRijkel
25%
TongerenRiksingen
25%
TongerenRutten
25%
Tongeren's Herenelderen
25%
VoerenSint-Pieters-Voeren
25%
TongerenSluizen
25%
VoerenTeuven
25%
HeersVechmaal
25%
Sint-TruidenVelm
25%
TongerenVreren
25%
RiemstVroenhoven
25%
TongerenWidooie
25%
NieuwerkerkenWijer
25%
KortessemWintershoven
25%
HeersBatsheers
20%
WellenBerlingen
20%
BorgloonBroekom
20%
Sint-TruidenBrustem
20%
BilzenEigenbilzen
20%
BorgloonGotem
20%
HeersGutschoven
20%
BorgloonHendrieken
20%
RiemstHerderen
20%
HeersHorpmaal
20%
GingelomJeuk
20%
RiemstKanne
20%
KinrooiKessenich
20%
NieuwerkerkenKozen
20%
MaasmechelenLeut
20%
HeersMechelen-Bovelingen
20%
LummenMeldert
20%
HeersMettekoven
20%
BilzenMopertingen
20%
AsNiel-bij-As
20%
Sint-TruidenOrdingen
20%
VoerenRemersdaal
20%
HoeseltSchalkhoven
20%
Herk-de-StadSchulen
20%
PeltSint-Huibrechts-Lille
20%
HasseltStokrooie
20%
RiemstVal-Meer
20%
KortessemVliermaal
20%
KortessemVliermaalroot
20%
BorgloonVoort
20%
MaasmechelenVucht
20%
BilzenWaltwilder
20%
HasseltWimmertingen
20%
Sint-TruidenZepperen
20%
RiemstZichen-Zussen-Bolder
20%
NieuwerkerkenBinderveld
15%
OudsbergenEllikom
15%
LanakenGellik
15%
Sint-TruidenGroot-Gelmen
15%
BorgloonGroot-Loon
15%
KortessemGuigoven
15%
WellenHerten
15%
Sint-TruidenKerkom-bij-Sint-Truiden
15%
HeersKlein-Gelmen
15%
Dilsen-StokkemLanklaar
15%
HalenLoksbergen
15%
BilzenMartenslinde
15%
RiemstMembruggen
15%
GingelomMielen-boven-Aalst
15%
BilzenMunsterbilzen
15%
HoeseltRomershoven
15%
HeersRukkelingen-Loon
15%
Voeren's-Gravenvoeren
15%
HoeseltSint-Huibrechts-Hern
15%
HasseltSpalbeek
15%
MaasmechelenUikhoven
15%
WellenUlbeek
15%
HeersVeulen
15%
HoeseltWerm
15%
OudsbergenWijshagen
15%
Sint-TruidenWilderen
15%
HalenZelem
15%
BilzenBeverst
10%
GingelomBorlo
10%
GingelomBuvingen
10%
Herk-de-StadDonk
10%
Sint-TruidenDuras
10%
Sint-TruidenEngelmanshoven
10%
Sint-TruidenGelinden
10%
Sint-TruidenHalmaal
10%
BilzenHees
10%
GingelomKortijs
10%
LummenLinkhout
10%
MaasmechelenMeeswijk
10%
GingelomMontenaken
10%
MaasmechelenOpgrimbie
10%
BilzenRosmeer
10%
Sint-TruidenRunkelen
10%
BreeTongerlo
10%
MaasmechelenBoorsem
5%
Dilsen-StokkemElen
5%
Sint-TruidenGorsem
5%
BilzenHoelbeek
5%
KinrooiMolenbeersel
5%
GingelomNiel-bij-Sint-Truiden
5%
BilzenRijkhoven
5%
Dilsen-StokkemRotem
5%
LanakenVeldwezelt
5%
BreeBeek
0%
Herk-de-StadBerbroek
0%
GingelomBoekhout
0%
BreeGerdingen
0%
GingelomMuizen
0%
LanakenNeerharen
0%
BocholtReppel
0%
GingelomVorsen
0%

Scoreverdeling

Percentiel versus Aantal Correcte Antwoorden

Procent van Mensen met Elke Score

Uw Scoregeschiedenis

U heeft deze quiz nog niet genomen